Možnosti budovania konkurenčnej výhody v podniku

Podstata konkurenčnej výhody. Schopnosť využitia konkurenčnej výhody. Meranie konkurenčnej výhody v slovenských podnikoch. Možnosti budovania konkurenčnej výhody.

Enregistré dans:
Détails bibliographiques
Auteur principal: Kissová, Jana, 1979-
Format: Chapitre de livre
Langue:slovaque
Sujets:
Tags: Ajouter un tag
Pas de tags, Soyez le premier à ajouter un tag!

MARC

LEADER 00000nla$a2200000$$$4500
001 0103469
005 20240502072126.8
041 0 |a slo 
044 |a SK 
245 1 0 |a Možnosti budovania konkurenčnej výhody v podniku  |c Jana Kissová 
520 |a Podstata konkurenčnej výhody. Schopnosť využitia konkurenčnej výhody. Meranie konkurenčnej výhody v slovenských podnikoch. Možnosti budovania konkurenčnej výhody. 
610 2 0 |a výhody konkurenčné 
610 2 0 |a podnik 
610 2 0 |a kvalita 
610 2 0 |a prostredie ekonomické 
610 2 0 |a trh 
610 2 0 |a zákazníci 
100 1 |a Kissová, Jana, 1979-